000 01111nam a2200265 i 4500
003 DO-SdBNP
005 20230906134058.0
006 a||||gr|||| 00| 0
007 ta
008 230906e2012 dr ac||| |||| 00| m spa d
040 _aDO-SdBNP
_bspa
_cBNPHU
_erda
082 4 _222
_bT315f
111 2 _aFestival iberoamericano de Tatro infantil y Juvenil
_n(3:
_d2012:
_cSanto Domingo, República Dominicana)
_984065
_jautor
245 1 0 _a3er festival infantil iberoamericano de teatro infantil y juvenil, Fitij. /
_cproducción general y artística, Basilio Nova
246 _aTercer festival infantil iberoamericano de teatro infantil y juvenil, Fitij
264 1 _aSanto Domingo :
_bFundación TEATRO CUCARA-MACARA, Inc.,
_bFitij,
_c2012
300 _a[20] páginas :
_bIlustraciones, retratos ;
_c21 cm.
336 _2rdacontent
_atexto
_btxt
337 _2rdamedia
_asin mediación
_bn
338 _2rdacarrier
_avolumen
_bnc
500 _aIncluye datos biográfico en la primera hoja.
590 _aInventariado 2023 / MF
700 1 _aNova, Basilio,
_973586
_eproducción general y artística
942 _2ddc
_cLF2
999 _c54637
_d54637